书目信息 |
| 题名: |
从土伦到滑铁卢
|
|
| 作者: | 梁湖南 , 王朝田 编著 | |
| 分册: | ||
| 出版信息: | 北京 解放军出版社 1985 |
|
| 页数: | 482页 | |
| 开本: | 19cm | |
| 丛书名: | ||
| 单 册: | ||
| 中图分类: | E82 | |
| 科图分类: | ||
| 主题词: | 战役学 , 拿破仑战争(1803~1815)--评论 | |
| 电子资源: | ||
| ISBN: | ||
| 000 | 00798nam0 2200265 45 | |
| 001 | 0185001756 | |
| 005 | 20060518082904.00 | |
| 010 | @dCNY2.90 | |
| 091 | @a5185.50 | |
| 100 | @a19900816d1985 em y0chiy0121 ea | |
| 101 | 0 | @achi |
| 102 | @aCN@b110000 | |
| 105 | @ay z 000yd | |
| 200 | 10 | @a从土伦到滑铁卢@Acong tu lun dao hua tie lu@e拿破仑战争述评@f王朝田, 梁湖南编著@Fwang chao tian,liang hu nan bian zhu |
| 210 | @a北京@c解放军出版社@d1985 | |
| 215 | @a482页@d19cm | |
| 517 | 1 | @a拿破仑战争述评@Ana po lun zhan zheng shu ping |
| 606 | 0 | @a战役学 |
| 606 | @a拿破仑战争(1803~1815)@x评论 | |
| 690 | @aE82@v4 | |
| 701 | 0 | @a梁湖南@Aliang hu nan@4编著 |
| 701 | 0 | @a王朝田@Awang chao tian@4编著 |
| 801 | 2 | @aCN@bNLC@c20060518 |
| 801 | 0 | @aCN@b深圳图书馆@c20040424 |
| 905 | @dE82@e9 | |
| 从土伦到滑铁卢:拿破仑战争述评/王朝田, 梁湖南编著.-北京:解放军出版社,1985 |
| 482页;19cm |
| ISBN :CNY2.90 |
| ● |
| 相关链接 |
|
|
|
|
正题名:从土伦到滑铁卢
索取号:E82/9
 
预约/预借
| 序号 | 登录号 | 条形码 | 馆藏地/架位号 | 状态 | 备注 |
| 1 | 0140220 | 202335856 | 密集书库/ [索取号:E82/9] | 在馆 | |
| 2 | 0140221 | 000791520 | 第一借阅区/ [索取号:E82/9] | 在馆 | |
| 3 | 0140222 | 001590601 | 第一借阅区/ [索取号:E82/9] | 在馆 | |
| 4 | 0140223 | 001262984 | 第一借阅区/ [索取号:E82/9] | 在馆 | |
| 5 | 0140224 | 002056624 | 第一样本阅览室/ [索取号:E82/9] | 在馆 |